| 000 | 00929nam0a22002771 4500 | ||
|---|---|---|---|
| 001 | rc\2779836 | ||
| 005 | 20260405220531.0 | ||
| 035 | _a(NLR Aleph) 006906077 | ||
| 090 |
_a7298079 _c7298079 |
||
| 100 | _a20110915d1942 u y0rusy50 ca | ||
| 101 | 0 | _arus | |
| 102 | _aRU | ||
| 105 | _ay z ||||| | ||
| 200 | 1 | _aОтечественная война в народном творчестве | |
| 210 |
_aМолотов _cОбл. изд-во _d1942 |
||
| 215 |
_a32 с. _d16 см. |
||
| 300 | _aОтпеч. множит. аппаратом ГПБ | ||
| 700 | 1 |
_8rus _7ca _aПопов _bВ. А. _cписатель _f1900-1949 _gВикторин Аркадьевич _3RU\NLR\AUTH\7798932 _981858 |
|
| 801 | 0 |
_aRU _bNLR _gpsbo |
|
| 801 | 1 |
_aRU _bELAR _2rusmarc |
|
| 852 |
_aNLR _j64-2/1463 |
||
| 942 | _cBOOK | ||
| 945 | _aРоссийская национальная библиотека | ||
| 980 | _aNB | ||
| 980 | _aBV | ||